| 000 | 00529nam a2200181 i 4500 | ||
|---|---|---|---|
| 001 | 47380 | ||
| 003 | ES-MaACL | ||
| 005 | 20250620063014.0 | ||
| 007 | t| | ||
| 008 | 030407s1962 sp ||||1| spa d | ||
| 100 | 1 |
_aCorbera Fradera, Carolina, _d1926-1979 _940459 |
|
| 245 | 1 | 0 |
_aPensamientos de mi jardÃn / _cCarolina Corbera Fradera. |
| 260 |
_aMadrid : _bLincor, _c1962. |
||
| 300 |
_a92 p. ; _c24 cm. |
||
| 852 |
_aES-MaACL _jC-21276 _bR.49687 |
||
| 852 |
_aES-MaACL _jC-32995 _bR.49687 |
||
| 999 |
_c47380 _d47380 |
||